All 100k+ cities in Brazil on a Map - Statistics

General Stats
  • This quiz has been taken 24 times
  • The average score is 78 of 309
Answers on the Map
Answers color-coded by a green-red scale on the quiz's map according to % correct below.
 
Answer Stats
Population City % Correct
2,281,390 Manaus
100%
6,730,660 Rio de Janeiro
100%
472,190 Boa Vista
93%
1,390,060 Belém
86%
2,415,870 Belo Horizonte
86%
2,891,270 Brasília
86%
1,386,280 Porto Alegre
86%
442,960 Porto Velho
86%
1,588,380 Recife
86%
2,564,200 Salvador
86%
11,887,070 São Paulo
86%
1,181,600 Campinas
79%
947,950 Campo Grande
79%
584,880 Florianópolis
79%
2,578,480 Fortaleza
79%
1,500,980 Goiânia
79%
1,080,990 São Luís
79%
675,880 Cuiabá
71%
1,830,800 Curitiba
71%
460,370 Macapá
71%
994,620 Maceió
71%
316,000 Palmas
71%
363,690 Rio Branco
71%
858,710 Teresina
71%
556,660 Londrina
64%
784,250 Natal
64%
429,230 Santos
64%
1,348,450 Guarulhos
57%
897,050 João Pessoa
57%
644,020 Joinville
57%
749,560 Uberlândia
57%
630,920 Aracaju
50%
295,670 Foz do Iguaçu
50%
413,690 Montes Claros
50%
839,730 Nova Iguaçu
50%
375,600 Petrolina
50%
277,850 Santarém
50%
343,380 Vitória
50%
409,050 Anápolis
43%
423,720 Campina Grande
43%
759,520 Osasco
43%
315,480 Pelotas
43%
224,890 Presidente Prudente
43%
294,730 São José
43%
518,380 Belford Roxo
36%
429,450 Betim
36%
375,240 Blumenau
36%
864,130 Duque de Caxias
36%
274,180 Imperatriz
36%
125,720 Ji-Paraná
36%
448,510 Jundiaí
36%
516,790 Niterói
36%
285,920 Petrópolis
36%
728,910 Ribeirão Preto
36%
254,180 Rondonópolis
36%
271,220 Santa Maria
36%
837,250 São Bernardo do Campo
36%
258,870 São Carlos
36%
959,920 São Gonçalo
36%
466,500 São João de Meriti
36%
716,360 São José dos Campos
36%
338,010 São Vicente
36%
217,100 Sinop
36%
756,660 Sorocaba
36%
348,890 Uberaba
36%
496,420 Vila Velha
36%
279,300 Volta Redonda
36%
382,140 Bauru
29%
349,610 Cascavel
29%
126,350 Caxias
29%
458,680 Caxias do Sul
29%
268,170 Chapecó
29%
614,380 Feira de Santana
29%
249,940 Governador Valadares
29%
294,060 Guarujá
29%
199,680 Juazeiro
29%
295,450 Juazeiro do Norte
29%
558,130 Juiz de Fora
29%
241,260 Magé
29%
434,090 Mogi das Cruzes
29%
230,080 Novo Hamburgo
29%
364,950 Paulista
29%
367,400 Praia Grande
29%
128,530 Resende
29%
187,080 Rio Grande
29%
224,490 Rio Verde
29%
779,370 Santo André
29%
224,520 São Leopoldo
29%
577,060 Serra
29%
166,300 Sobral
29%
316,990 Taubaté
29%
145,810 Teixeira de Freitas
29%
147,640 Teresópolis
29%
347,810 Vitória da Conquista
29%
103,960 Abaetetuba
21%
244,790 Águas Lindas de Goiás
21%
102,860 Altamira
21%
247,140 Americana
21%
507,650 Ananindeua
21%
169,730 Angra dos Reis
21%
224,910 Arapiraca
21%
117,580 Bagé
21%
174,850 Barra Mansa
21%
154,670 Barreiras
21%
237,300 Cabo Frio
21%
104,110 Caldas Novas
21%
113,390 Camboriú
21%
453,090 Campos dos Goytacazes
21%
359,840 Canoas
21%
371,870 Cariacica
21%
193,470 Castanhal
21%
230,260 Colombo
21%
650,830 Contagem
21%
108,800 Crato
21%
222,120 Criciúma
21%
403,580 Diadema
21%
238,630 Dourados
21%
258,270 Embu das Artes
21%
105,280 Erechim
21%
108,520 Formosa
21%
360,080 Franca
21%
164,570 Guarapuava
21%
167,750 Ilhéus
21%
264,960 Indaiatuba
21%
234,690 Ipatinga
21%
237,700 Itaboraí
21%
121,410 Itaguaí
21%
285,390 Itajaí
21%
117,230 Itanhaém
21%
139,910 Itapetininga
21%
679,350 Jaboatão dos Guararapes
21%
187,390 Jaraguá do Sul
21%
154,240 Jequié
21%
219,510 Lauro de Freitas
21%
144,330 Linhares
21%
115,050 Luís Eduardo Magalhães
21%
247,140 Macaé
21%
261,700 Marabá
21%
210,470 Maricá
21%
416,750 Maringá
21%
427,690 Mauá
21%
178,830 Mesquita
21%
151,500 Mogi Guaçu
21%
258,320 Mossoró
21%
155,500 Nilópolis
21%
177,950 Nova Friburgo
21%
364,720 Olinda
21%
104,940 Ourinhos
21%
250,410 Palhoça
21%
141,100 Paranaguá
21%
162,610 Parnaíba
21%
209,950 Passo Fundo
21%
103,700 Patos
21%
154,460 Patos de Minas
21%
131,260 Pinhais
21%
168,500 Poços de Caldas
21%
365,580 Ponta Grossa
21%
157,520 Porto Seguro
21%
149,120 Queimados
21%
343,810 Ribeirão das Neves
21%
202,820 Rio Claro
21%
167,980 Rio das Ostras
21%
500,030 São José do Rio Preto
21%
328,330 São José dos Pinhais
21%
127,480 Sarandi
21%
116,070 Sorriso
21%
316,170 Suzano
21%
117,420 Teófilo Otoni
21%
110,050 Tubarão
21%
101,100 Ubá
21%
112,620 Uruguaiana
21%
315,180 Várzea Grande
21%
103,330 Vilhena
21%
101,960 Abreu e Lima
14%
138,640 Alagoinhas
14%
120,330 Almirante Tamandaré
14%
194,060 Alvorada
14%
555,370 Aparecida de Goiânia
14%
122,760 Apucarana
14%
204,900 Araçatuba
14%
177,970 Araguaína
14%
114,620 Araguari
14%
122,470 Arapongas
14%
249,490 Araraquara
14%
115,610 Araruama
14%
148,700 Araucária
14%
116,720 Araxá
14%
114,540 Barbacena
14%
114,740 Barcarena
14%
121,740 Bento Gonçalves
14%
143,830 Botucatu
14%
152,610 Brusque
14%
201,750 Cabo de Santo Agostinho
14%
141,500 Cachoeirinha
14%
182,200 Cachoeiro de Itapemirim
14%
314,740 Camaçari
14%
125,320 Campo Largo
14%
360,440 Caruaru
14%
114,180 Catalão
14%
118,190 Catanduva
14%
332,140 Caucaia
14%
100,570 Cidade Ocidental
14%
113,320 Colatina
14%
133,470 Conselheiro Lafaiete
14%
106,690 Coronel Fabriciano
14%
235,590 Cotia
14%
114,730 Cubatão
14%
232,060 Divinópolis
14%
113,780 Eunápolis
14%
163,460 Fazenda Rio Grande
14%
184,900 Ferraz de Vasconcelos
14%
131,180 Garanhuns
14%
264,600 Gravataí
14%
129,100 Guarapari
14%
179,120 Ibirité
14%
108,540 Itabira
14%
193,130 Itabuna
14%
109,260 Itaituba
14%
167,370 Itu
14%
101,020 Japeri
14%
105,230 Jataí
14%
126,290 Jaú
14%
168,300 Lages
14%
105,840 Lavras
14%
212,800 Luziânia
14%
247,800 Maracanaú
14%
240,900 Marília
14%
119,110 Marituba
14%
200,510 Nossa Senhora do Socorro
14%
120,390 Nova Lima
14%
108,710 Nova Serrana
14%
107,110 Novo Gama
14%
152,300 Paço do Lumiar
14%
103,390 Paragominas
14%
294,800 Parauapebas
14%
271,710 Parnamirim
14%
112,220 Passos
14%
104,310 Paulo Afonso
14%
166,350 Pindamonhangaba
14%
425,800 Piracicaba
14%
116,630 Piraquara
14%
103,750 Planaltina
14%
106,160 Poá
14%
116,990 Ribeirão Pires
14%
127,900 Sabará
14%
188,400 Santa Bárbara d'Oeste
14%
122,140 Santa Cruz do Sul
14%
227,680 Santa Luzia
14%
109,020 Santana
14%
141,070 Santa Rita
14%
113,720 São Gonçalo do Amarante
14%
255,200 São José de Ribamar
14%
107,460 São Lourenço da Mata
14%
103,800 São Mateus
14%
107,610 São Pedro da Aldeia
14%
136,120 Sapucaia do Sul
14%
173,830 Senador Canedo
14%
227,330 Sete Lagoas
14%
118,020 Simões Filho
14%
289,830 Sumaré
14%
285,310 Taboão da Serra
14%
103,200 Tangará da Serra
14%
125,120 Tatuí
14%
162,780 Timon
14%
141,800 Toledo
14%
137,750 Três Lagoas
14%
150,390 Trindade
14%
127,600 Valinhos
14%
218,420 Valparaíso de Goiás
14%
119,310 Várzea Paulista
14%
137,650 Vespasiano
14%
218,620 Viamão
14%
124,590 Vitória de Santo Antão
14%
131,720 Araras
7%
151,670 Balneário Camboriú
7%
122,640 Barretos
7%
156,110 Camaragibe
7%
108,350 Cambé
7%
100,270 Campo Mourão
7%
398,240 Carapicuíba
7%
248,010 Hortolândia
7%
116,160 Igarassu
7%
115,560 Paulínia
7%
172,690 São Caetano do Sul
7%
113,070 Umuarama
7%
130,480 Votorantim
7%
100,950 Assis
0%
149,890 Atibaia
0%
333,620 Barueri
0%
120,680 Birigui
0%
172,610 Bragança Paulista
0%
140,240 Caraguatatuba
0%
170,680 Francisco Morato
0%
144,250 Franco da Rocha
0%
116,910 Guaratinguetá
0%
154,070 Itapecerica da Serra
0%
239,220 Itapevi
0%
382,970 Itaquaquecetuba
0%
122,420 Itatiba
0%
102,850 Ituiutaba
0%
109,670 Itumbiara
0%
245,340 Jacareí
0%
121,550 Jandira
0%
292,190 Limeira
0%
148,700 Pouso Alegre
0%
139,470 Salto
0%
162,370 Santana de Parnaíba
0%
122,640 Sertãozinho
0%
139,790 Varginha
0%
No matching quizzes found
Score Distribution
Percent of People with Each Score
Percentile by Number Answered
Your Score History
You have not taken this quiz